[Event "TCh-CHN 2019"]
[Site "China CHN"]
[Date "2019.08.23"]
[Round "15.1"]
[Board "5"]
[White "Ning, Kaiyu"]
[Black "Zhou, Zirun"]
[Result "1-0"]
[WhiteTitle "WIM"]
[WhiteElo "2353"]
[BlackElo "2124"]
[WhiteTeam "Shandong Jingzhi team"]
[BlackTeam "Hangzhou Hongda team"]
[WhiteFideId "8614750"]
[BlackFideId "8610975"]
[EventDate "2019.04.09"]

1. d4 Nf6 2. c4 e6 3. g3 d5 4. Nf3 dxc4 5. Bg2 Nc6 6. Qa4 Bb4+ 7. Bd2 Nd5 8.
Bxb4 Nxb4 9. O-O Rb8 10. Nc3 a6 11. Ne5 O-O 12. Nxc6 Nxc6 13. Bxc6 bxc6 14. Qxc4
Qd6 15. b3 Rb4 16. Ne4 Rxc4 17. Nxd6 Rxd4 18. Nc4 c5 19. Rfc1 Bb7 20. Na5 Ba8
21. Rxc5 Rfd8 22. f3 Rd2 23. Kf2 R8d7 24. a3 Rb2 25. Rac1 Rdd2 26. Re5 Rbc2 27.
Rxc2 Rxc2 28. Nc4 g6 29. Rc5 Bd5 30. Rxc7 Rc3 31. a4 Rxb3 32. Ne5 Rb7 33. Rxb7
Bxb7 34. Ke3 f6 35. Nc4 e5 36. Kd3 Kf8 37. Kc3 Ke7 38. Kb4 Kd7 39. Kc5 Kc7 40.
a5 Bc6 41. Nd6 f5 42. Nf7 e4 43. fxe4 fxe4 44. e3 h5 45. Ne5 1-0

[Event "TCh-CHN 2019"]
[Site "China CHN"]
[Date "2019.08.23"]
[Round "15.2"]
[Board "2"]
[White "Li, Chao b"]
[Black "Ni, Hua"]
[Result "1/2-1/2"]
[WhiteTitle "GM"]
[BlackTitle "GM"]
[WhiteElo "2690"]
[BlackElo "2669"]
[WhiteTeam "Beijing team"]
[BlackTeam "China Mobil Shanghai Chess Club"]
[WhiteFideId "8604436"]
[BlackFideId "8601160"]
[EventDate "2019.04.09"]

1. d4 Nf6 2. c4 e6 3. g3 d5 4. Bg2 Bb4+ 5. Bd2 Be7 6. Nf3 O-O 7. O-O c6 8. Qb3
b6 9. Nc3 Ba6 10. cxd5 cxd5 11. Rfc1 Bb7 12. a4 a5 13. Ne5 Bb4 14. Bf4 Nh5 15.
Be3 Nf6 16. Nd3 Be7 17. Nb5 Nc6 18. Bg5 Nd7 19. Bxe7 Qxe7 20. e3 Rfc8 21. Rc3
Ndb8 22. h4 Na6 23. Bf1 Ncb4 24. Rxc8+ Rxc8 25. Rc1 Nxd3 26. Rxc8+ Bxc8 27. Qxd3
Bd7 28. Qc3 Qd8 29. b3 Nb4 30. Be2 h6 31. Kf1 1/2-1/2

[Event "TCh-CHN 2019"]
[Site "China CHN"]
[Date "2019.08.23"]
[Round "15.2"]
[Board "3"]
[White "Esipenko, Andrey"]
[Black "Xu, Yi"]
[Result "1/2-1/2"]
[WhiteTitle "GM"]
[BlackTitle "GM"]
[WhiteElo "2642"]
[BlackElo "2542"]
[WhiteTeam "Beijing team"]
[BlackTeam "China Mobil Shanghai Chess Club"]
[WhiteFideId "24175439"]
[BlackFideId "8605564"]
[EventDate "2019.04.09"]

1. d4 Nf6 2. c4 e6 3. Nc3 Bb4 4. f3 d5 5. a3 Bxc3+ 6. bxc3 c5 7. cxd5 Nxd5 8.
dxc5 f5 9. Nh3 Qa5 10. Qd2 Qxc5 11. Nf2 O-O 12. e4 Nf6 13. Qd4 Qa5 14. exf5 Nc6
15. Qd2 exf5 16. Bc4+ Kh8 17. O-O Ne5 18. Be2 Be6 19. Qb2 Nc4 20. Qb4 Rac8 21.
Bxc4 Qxb4 22. cxb4 Bxc4 23. Re1 Kg8 24. Bb2 Kf7 25. Nh3 h6 26. Nf4 Rfe8 27. h4
b5 28. h5 Rcd8 29. Rxe8 Nxe8 30. Re1 Nf6 1/2-1/2

[Event "TCh-CHN 2019"]
[Site "China CHN"]
[Date "2019.08.23"]
[Round "15.2"]
[Board "4"]
[White "Ju, Wenjun"]
[Black "Song, Yuxin"]
[Result "1/2-1/2"]
[WhiteTitle "GM"]
[BlackTitle "WIM"]
[WhiteElo "2580"]
[BlackElo "2299"]
[WhiteTeam "China Mobil Shanghai Chess Club"]
[BlackTeam "Beijing team"]
[WhiteFideId "8603006"]
[BlackFideId "8614300"]
[EventDate "2019.04.09"]

1. d4 Nf6 2. Nf3 d5 3. c4 e6 4. e3 c5 5. cxd5 Nxd5 6. e4 Nf6 7. Nc3 cxd4 8. Qxd4
Qxd4 9. Nxd4 a6 10. Be2 e5 11. Nb3 Be6 12. Be3 Nbd7 13. f3 Rc8 14. Rc1 Bb4 15.
Kf2 O-O 16. Na4 Bxb3 17. axb3 b5 18. Nc3 Bc5 19. Ra1 Rc6 20. Ra2 Bxe3+ 21. Kxe3
Nc5 22. b4 Ne6 23. Rha1 Nc7 24. Rd1 Re8 25. g3 g5 26. Ra3 Kf8 27. Na2 Ne6 28.
Rc3 Rec8 29. Rd6 Rxd6 30. Rxc8+ Kg7 31. Nc1 Nd4 32. Nd3 Rc6 33. Rxc6 Nxc6 34. f4
gxf4+ 35. gxf4 exf4+ 36. Kxf4 Nd7 37. e5 Nf8 38. Ke4 Ng6 39. Bg4 Nge7 40. Bd7
Nb8 41. Bg4 Nbc6 42. Bd1 f6 43. exf6+ Kxf6 44. Bb3 a5 45. bxa5 Nxa5 46. Bd5 Nxd5
47. Kxd5 Nc4 48. b3 Nd2 49. b4 Nb1 50. Ne1 Kf5 51. Nc2 Kg4 52. Kc5 Nc3 53. Nd4
Kh3 54. Nxb5 Na2 55. Nd4 Nxb4 56. Kxb4 Kxh2 1/2-1/2

[Event "TCh-CHN 2019"]
[Site "China CHN"]
[Date "2019.08.23"]
[Round "15.2"]
[Board "5"]
[White "Ni, Shiqun"]
[Black "Vo, Thi Kim Phung"]
[Result "1/2-1/2"]
[WhiteTitle "WGM"]
[BlackTitle "WGM"]
[WhiteElo "2389"]
[BlackElo "2344"]
[WhiteTeam "China Mobil Shanghai Chess Club"]
[BlackTeam "Beijing team"]
[WhiteFideId "8608466"]
[BlackFideId "12401838"]
[EventDate "2019.04.09"]

1. e4 e6 2. d4 d5 3. Nd2 Be7 4. Bd3 c5 5. dxc5 Nf6 6. exd5 Nxd5 7. Ne4 O-O 8.
Nf3 Nd7 9. Qe2 f5 10. Nd6 Nxc5 11. Nxc8 Nxd3+ 12. Qxd3 Rxc8 13. O-O Bf6 14. Qb3
b5 15. c3 Qb6 16. a4 a6 17. axb5 axb5 18. Re1 f4 19. Qa2 Rfe8 20. Bd2 Qc6 21.
Qb1 e5 22. Ra7 Rc7 23. Rxc7 Nxc7 24. Qe4 Qd5 25. h4 h6 26. g3 Qxe4 27. Rxe4 g5
28. hxg5 hxg5 29. gxf4 gxf4 30. c4 bxc4 31. Bc3 Nd5 1/2-1/2

[Event "TCh-CHN 2019"]
[Site "China CHN"]
[Date "2019.08.23"]
[Round "15.3"]
[Board "1"]
[White "Xu, Minghui"]
[Black "Malakhov, Vladimir"]
[Result "0-1"]
[BlackTitle "GM"]
[WhiteElo "2406"]
[BlackElo "2668"]
[WhiteTeam "Zhejiang team"]
[BlackTeam "Zhihui Sports chess team of Tianjin"]
[WhiteFideId "8606790"]
[BlackFideId "4120787"]
[EventDate "2019.04.09"]

1. d4 d5 2. Nf3 Nf6 3. Bf4 c5 4. e3 Nc6 5. Nbd2 Bg4 6. c3 Bxf3 7. Nxf3 e6 8. Bd3
Bd6 9. Bg5 h6 10. Bh4 Qb6 11. Bxf6 gxf6 12. dxc5 Bxc5 13. b4 Be7 14. O-O a5 15.
a3 axb4 16. axb4 Rxa1 17. Qxa1 O-O 18. b5 Ne5 19. Nxe5 fxe5 20. c4 d4 21. exd4
Qxd4 22. Qxd4 exd4 23. Ra1 f5 24. f4 Bc5 25. Kf2 Kf7 26. Kf3 Rg8 27. g3 Kf6 28.
Ra2 h5 29. h4 Ke7 30. Ra1 Kd6 31. Kg2 Bb6 32. Be2 Rh8 33. Bf3 Kc5 34. Re1 Rh6
35. Bxb7 d3 36. Kf3 Kd4 37. Rd1 Kc3 38. Bc6 Kxc4 39. Kg2 Kc3 40. Bf3 d2 41. Ra1
Bd4 42. Ra6 Rh8 43. Rc6+ Kb4 44. b6 e5 45. Rd6 e4 46. Rxd4+ Kc3 47. Rd7 exf3+
48. Kxf3 Rb8 49. Rc7+ Kd3 50. Rd7+ Kc2 51. Rc7+ Kd1 52. b7 Ke1 53. Re7+ 0-1

[Event "TCh-CHN 2019"]
[Site "China CHN"]
[Date "2019.08.23"]
[Round "15.3"]
[Board "2"]
[White "Anton Guijarro, David"]
[Black "Wang, Yue"]
[Result "1/2-1/2"]
[WhiteTitle "GM"]
[BlackTitle "GM"]
[WhiteElo "2685"]
[BlackElo "2674"]
[WhiteTeam "Zhejiang team"]
[BlackTeam "Zhihui Sports chess team of Tianjin"]
[WhiteFideId "2285525"]
[BlackFideId "8601429"]
[EventDate "2019.04.09"]

1. c4 e6 2. g3 d5 3. Bg2 Nf6 4. Nf3 d4 5. e3 Nc6 6. O-O e5 7. exd4 exd4 8. d3
Be7 9. Bf4 O-O 10. Re1 Bd6 11. Bxd6 Qxd6 12. Na3 a6 13. Nc2 Bf5 14. Qd2 Rfe8 15.
b4 Bg4 16. a4 Nd7 17. c5 Qf6 18. Qf4 Qxf4 19. gxf4 Rxe1+ 20. Rxe1 Bxf3 21. Bxf3
Kf8 22. a5 Rd8 23. Bxc6 bxc6 24. Re4 Nf6 25. Rxd4 Rd5 26. Kf1 Ke7 27. Ke2 Rh5
28. Ne3 g6 29. Nc4 Nd5 30. Kf1 f6 31. Ne3 Nxe3+ 32. fxe3 Rxh2 33. Re4+ Kd7 34.
Rd4+ Ke6 35. Re4+ Kf5 36. Re7 Kg4 37. e4 Kf3 38. Ke1 h5 39. e5 fxe5 40. fxe5 Ke3
41. Kf1 h4 42. Rg7 h3 43. Rxg6 Rb2 44. Kg1 Kxd3 45. Rxc6 Kc4 46. Rxa6 Kxb4 47.
Ra8 Re2 48. a6 Ka5 49. a7 Ka6 50. Rc8 Kxa7 51. Rxc7+ Ka6 52. Rh7 Rxe5 53. Rxh3
Rxc5 1/2-1/2

[Event "TCh-CHN 2019"]
[Site "China CHN"]
[Date "2019.08.23"]
[Round "15.3"]
[Board "3"]
[White "Lu, Shanglei"]
[Black "Dai, Changren"]
[Result "1-0"]
[WhiteTitle "GM"]
[BlackTitle "IM"]
[WhiteElo "2612"]
[BlackElo "2511"]
[WhiteTeam "Zhejiang team"]
[BlackTeam "Zhihui Sports chess team of Tianjin"]
[WhiteFideId "8603332"]
[BlackFideId "8608156"]
[EventDate "2019.04.09"]

1. e4 e5 2. Nf3 Nc6 3. Bc4 Bc5 4. O-O Nf6 5. d3 d6 6. c3 a6 7. Nbd2 Ba7 8. Bb3
O-O 9. h3 h6 10. Re1 Re8 11. Nf1 Be6 12. Bc2 d5 13. exd5 Qxd5 14. Ng3 Qd6 15.
Nh4 Bd5 16. Nhf5 Qd7 17. Be3 Bxe3 18. fxe3 e4 19. dxe4 Bc4 20. Nh5 Qxd1 21.
Nxf6+ gxf6 22. Rexd1 h5 23. b3 Be6 24. Ng3 h4 25. Nh5 Red8 26. Nxf6+ Kg7 27.
Nh5+ Kh6 28. Nf4 Ne5 29. Kf2 Rg8 30. Rd4 Kg5 31. Rad1 Raf8 32. Rf1 c6 33. Ke1
Ra8 34. Rd6 Rge8 35. Ne2 Rad8 36. Rxd8 Rxd8 37. Nd4 a5 38. Ke2 b5 39. Rd1 Ra8
40. Nf3+ Nxf3 41. Kxf3 c5 42. Rd6 c4 43. Rb6 b4 44. cxb4 axb4 45. Rxb4 Rxa2 46.
Bb1 Ra1 47. bxc4 Bxc4 48. Rxc4 Rxb1 49. Rc5+ Kg6 50. Kg4 Rb2 51. Rg5+ 1-0

[Event "TCh-CHN 2019"]
[Site "China CHN"]
[Date "2019.08.23"]
[Round "15.3"]
[Board "4"]
[White "Khotenashvili, Bela"]
[Black "Zhu, Jiner"]
[Result "1/2-1/2"]
[WhiteTitle "GM"]
[BlackTitle "WIM"]
[WhiteElo "2446"]
[BlackElo "2461"]
[WhiteTeam "Zhihui Sports chess team of Tianjin"]
[BlackTeam "Zhejiang team"]
[WhiteFideId "13602640"]
[BlackFideId "8608059"]
[EventDate "2019.04.09"]

1. d4 Nf6 2. Bf4 e6 3. e3 d5 4. Nd2 Be7 5. Ngf3 c5 6. dxc5 Bxc5 7. c4 O-O 8. a3
a5 9. Bd3 Nc6 10. O-O h6 11. Rc1 Qe7 12. cxd5 exd5 13. h3 Bd7 14. Nb3 Bb6 15.
Nbd4 Ne4 16. Bb1 Qf6 17. Ba2 g5 18. Bh2 Nxd4 19. Nxd4 Bxd4 20. exd4 Bc6 21. Qd3
Qg6 22. Bb1 f5 23. f3 Nd6 24. Rc5 Rae8 25. Ba2 Qe6 26. Bxd6 Qxd6 27. Rxa5 b6 28.
Ra6 Bb7 29. Ra4 Re6 30. Rb4 Qg3 31. Bb1 Rfe8 32. Qxf5 Re2 33. Qg6+ Kf8 34. Qf6+
Kg8 35. Qg6+ Kf8 36. Qf6+ Kg8 37. Qg6+ 1/2-1/2

[Event "TCh-CHN 2019"]
[Site "China CHN"]
[Date "2019.08.23"]
[Round "15.3"]
[Board "5"]
[White "Xiao, Yiyi"]
[Black "Ding, Yixin"]
[Result "1/2-1/2"]
[WhiteTitle "WFM"]
[BlackTitle "WGM"]
[WhiteElo "2306"]
[BlackElo "2439"]
[WhiteTeam "Zhihui Sports chess team of Tianjin"]
[BlackTeam "Zhejiang team"]
[WhiteFideId "8606161"]
[BlackFideId "8602972"]
[EventDate "2019.04.09"]

1. d4 Nf6 2. c4 g6 3. g3 c6 4. Bg2 d5 5. cxd5 cxd5 6. Nf3 Bg7 7. O-O O-O 8. Nc3
Ne4 9. Ne5 Nxc3 10. bxc3 Nc6 11. Nxc6 bxc6 12. Qa4 Bd7 13. Ba3 Re8 14. Rad1 e6
15. e4 c5 16. Qc2 Qa5 17. Qc1 cxd4 18. cxd4 Rac8 19. Bc5 Bb5 20. Rfe1 Bxd4 21.
Rxd4 Rxc5 22. Qd2 Qxd2 23. Rxd2 dxe4 24. Bxe4 Rec8 25. Kg2 a6 26. Rd4 e5 27. Rd6
Rc1 28. Rxc1 Rxc1 29. g4 Rc4 30. Kf3 Ra4 31. Rd2 Ra3+ 32. Kg2 Bc4 33. Rc2 Be6
34. g5 Ra5 35. Kg3 Bxa2 36. h4 Bd5 37. Bxd5 Rxd5 38. Rc6 a5 39. Ra6 Rd3+ 40. Kg2
Ra3 41. f3 Ra1 42. Ra8+ Kg7 43. Re8 Ra2+ 44. Kg3 Re2 45. Ra8 Ra2 46. Re8 a4 47.
Rxe5 h6 48. Re7 hxg5 49. hxg5 Kf8 50. Ra7 a3 51. Kf4 Ke8 52. Ke5 Re2+ 53. Kf6
Re6+ 54. Kg7 Re3 55. Ra8+ Ke7 56. Ra7+ Ke8 57. Ra8+ Ke7 58. Ra7+ Ke8 59. Ra8+ 1/2-1/2

[Event "TCh-CHN 2019"]
[Site "China CHN"]
[Date "2019.08.23"]
[Round "15.4"]
[Board "2"]
[White "Xu, Xiangyu"]
[Black "Vallejo Pons, Francisco"]
[Result "1/2-1/2"]
[WhiteTitle "GM"]
[BlackTitle "GM"]
[WhiteElo "2582"]
[BlackElo "2704"]
[WhiteTeam "Chengdu Beilei Youth Chess Club"]
[BlackTeam "Hangzhou Bank Team"]
[WhiteFideId "8608288"]
[BlackFideId "2205530"]
[EventDate "2019.04.09"]

1. d4 e6 2. Nf3 d5 3. c4 a6 4. c5 b6 5. cxb6 c5 6. Nc3 cxd4 7. Na4 Nf6 8. a3 Bd6
9. Nxd4 O-O 10. Bg5 Bd7 11. e3 Bxa4 12. Bxf6 Qxb6 13. Qg4 g6 14. Nf3 Nd7 15. Bc3
Bc2 16. Be2 Be4 17. Ng5 Be5 18. Qh4 Bxc3+ 19. bxc3 Nf6 20. O-O Qb2 21. Bf3 Bd3
22. Rfc1 Qb6 23. Rd1 Bc2 24. Rdc1 Bd3 25. Rd1 Bc2 26. Rdc1 Bd3 1/2-1/2

[Event "TCh-CHN 2019"]
[Site "China CHN"]
[Date "2019.08.23"]
[Round "15.4"]
[Board "3"]
[White "Li, Di"]
[Black "Bai, Jinshi"]
[Result "1/2-1/2"]
[WhiteTitle "GM"]
[BlackTitle "GM"]
[WhiteElo "2543"]
[BlackElo "2600"]
[WhiteTeam "Chengdu Beilei Youth Chess Club"]
[BlackTeam "Hangzhou Bank Team"]
[WhiteFideId "8607508"]
[BlackFideId "8602280"]
[EventDate "2019.04.09"]

1. Nf3 Nf6 2. d4 g6 3. Bf4 Bg7 4. e3 O-O 5. Be2 d6 6. h3 c5 7. O-O cxd4 8. exd4
Nc6 9. c3 Nd5 10. Bh2 e5 11. dxe5 dxe5 12. Nbd2 Qe7 13. Re1 Be6 14. Bc4 f6 15.
Nd4 Bf7 16. Qf3 Rad8 17. Nxc6 bxc6 18. Bb3 Rfe8 19. g4 f5 20. Nc4 e4 21. Qg2 f4
22. g5 h6 23. h4 hxg5 24. hxg5 Qe6 25. Kh1 Qf5 26. Rad1 Bf8 27. Bc2 f3 28. Qg3
Bc5 29. Qh4 Nf4 30. Rxd8 Rxd8 31. Bxf4 Bxf2 32. Qxf2 Qxf4 33. Rxe4 Qc1+ 34. Re1 1/2-1/2

[Event "TCh-CHN 2019"]
[Site "China CHN"]
[Date "2019.08.23"]
[Round "15.4"]
[Board "4"]
[White "Gu, Tianlu"]
[Black "Li, Yunshan"]
[Result "0-1"]
[WhiteTitle "WIM"]
[BlackTitle "WFM"]
[WhiteElo "2261"]
[BlackElo "2287"]
[WhiteTeam "Hangzhou Bank Team"]
[BlackTeam "Chengdu Beilei Youth Chess Club"]
[WhiteFideId "8603995"]
[BlackFideId "8607664"]
[EventDate "2019.04.09"]

1. e4 c6 2. Nc3 d5 3. Nf3 dxe4 4. Nxe4 Nf6 5. Qe2 Nxe4 6. Qxe4 Qd5 7. Qh4 Qe6+
8. Be2 Qg4 9. Qxg4 Bxg4 10. h3 Bf5 11. d3 h6 12. Be3 Nd7 13. O-O-O e6 14. g4 Bh7
15. Nd2 Bc5 16. d4 Bd6 17. h4 O-O-O 18. Bf3 Nb6 19. c4 Bc7 20. Be2 e5 21. dxe5
Bxe5 22. f4 Bd4 23. Bxd4 Rxd4 24. f5 Re8 25. Rhe1 f6 26. c5 Nd7 27. Nc4 Rxe2 28.
Nd6+ Rxd6 29. Rxe2 Rxd1+ 30. Kxd1 Ne5 31. g5 hxg5 32. hxg5 Bxf5 33. gxf6 gxf6
34. Rf2 Ng4 35. Rf4 Be4 36. Ke2 f5 37. Rf1 Kd7 38. Rd1+ Ke6 39. Rd8 f4 40. Re8+
Kd5 41. Rd8+ Kc4 42. Re8 Bg2 43. Rg8 f3+ 44. Kd2 f2 45. Rxg4+ Kxc5 46. Rg5+ Kb6 0-1

[Event "TCh-CHN 2019"]
[Site "China CHN"]
[Date "2019.08.23"]
[Round "15.4"]
[Board "5"]
[White "Li, Ruofan"]
[Black "Koneru, Humpy"]
[Result "1/2-1/2"]
[WhiteTitle "IM"]
[BlackTitle "GM"]
[WhiteElo "2335"]
[BlackElo "2574"]
[WhiteTeam "Hangzhou Bank Team"]
[BlackTeam "Chengdu Beilei Youth Chess Club"]
[WhiteFideId "8600643"]
[BlackFideId "5008123"]
[EventDate "2019.04.09"]

1. Nf3 Nf6 2. c4 e6 3. Nc3 Bb4 4. Qc2 O-O 5. a3 Bxc3 6. Qxc3 b6 7. b4 Bb7 8. Bb2
d6 9. e3 Nbd7 10. Be2 c5 11. O-O Rc8 12. d4 Ne4 13. Qd3 d5 14. cxd5 Bxd5 15.
dxc5 bxc5 16. Nd2 c4 17. Qd4 c3 18. Nxe4 cxb2 19. Rab1 Qb6 20. Nc5 Nxc5 21. bxc5
Qxc5 22. Qxc5 Rxc5 23. Rxb2 f5 24. a4 Rfc8 25. Bf3 R8c7 26. Bxd5 Rxd5 27. g3 Kf7
28. h4 Kf6 29. Rfb1 Ra5 30. Rb4 h6 31. Rd1 Ke5 1/2-1/2

[Event "TCh-CHN 2019"]
[Site "China CHN"]
[Date "2019.08.23"]
[Round "15.5"]
[Board "1"]
[White "Chen, Qi b"]
[Black "Liu, Yan"]
[Result "1/2-1/2"]
[WhiteTitle "IM"]
[BlackTitle "GM"]
[WhiteElo "2445"]
[BlackElo "2513"]
[WhiteTeam "Jiangsu team"]
[BlackTeam "Chongqing Sports lottery chess team"]
[WhiteFideId "8614733"]
[BlackFideId "8608962"]
[EventDate "2019.04.09"]

1. e4 e5 2. Bc4 Nf6 3. d3 c6 4. Nf3 Be7 5. O-O d6 6. Re1 O-O 7. c3 Nbd7 8. Bb3
Nc5 9. Bc2 Bg4 10. Nbd2 Ne6 11. h3 Bh5 12. Nf1 Nd7 13. g4 Bg6 14. Ng3 Ng5 15.
Kg2 Nxf3 16. Qxf3 Re8 17. Be3 Bg5 18. d4 d5 19. Bxg5 Qxg5 20. Bb3 exd4 21. cxd4
dxe4 22. Nxe4 Rxe4 23. Rxe4 Bxe4 24. Qxe4 Nf6 25. Qe7 Rf8 26. Re1 Qd2 27. Qe3
Qxb2 28. Re2 Qb1 29. Qf3 a5 30. g5 Nd5 31. Bxd5 cxd5 32. Qxd5 b6 33. a4 h6 34.
h4 Qg6 35. Re5 Rc8 36. Qf3 Rc4 37. h5 Qc6 38. Qxc6 Rxc6 39. d5 Rc5 40. g6 Kf8
41. Kf3 f6 42. Re6 Rxd5 43. Kg4 b5 44. axb5 Rxb5 45. f4 f5+ 46. Kg3 Rb3+ 47. Kg2
Rb2+ 48. Kg3 Rb3+ 49. Kg2 Rb4 1/2-1/2

[Event "TCh-CHN 2019"]
[Site "China CHN"]
[Date "2019.08.23"]
[Round "15.5"]
[Board "2"]
[White "Yu, Ruiyuan"]
[Black "Zhou, Weiqi"]
[Result "1/2-1/2"]
[WhiteTitle "GM"]
[BlackTitle "GM"]
[WhiteElo "2497"]
[BlackElo "2592"]
[WhiteTeam "Jiangsu team"]
[BlackTeam "Chongqing Sports lottery chess team"]
[WhiteFideId "8603090"]
[BlackFideId "8601674"]
[EventDate "2019.04.09"]

1. e4 e5 2. Nf3 Nf6 3. Nxe5 d6 4. Nf3 Nxe4 5. Nc3 Nxc3 6. dxc3 Be7 7. Be3 Nc6 8.
Qd2 Be6 9. O-O-O Qd7 10. Kb1 Bf6 11. Bg5 Bxg5 12. Nxg5 O-O-O 13. Bb5 a6 14. Ba4
Rde8 15. Rhe1 Bf5 16. Nf3 Rxe1 17. Rxe1 Re8 18. Rxe8+ Qxe8 19. Nd4 Bd7 20. Bxc6
Bxc6 21. Nxc6 Qxc6 22. f3 Qc5 23. Qd4 Qxd4 24. cxd4 d5 25. c3 Kd7 26. Kc2 g5 27.
g4 Kc6 28. b4 b5 29. Kd3 Kd6 30. a3 c6 1/2-1/2

[Event "TCh-CHN 2019"]
[Site "China CHN"]
[Date "2019.08.23"]
[Round "15.5"]
[Board "4"]
[White "Tan, Zhongyi"]
[Black "Shen, Yang"]
[Result "1/2-1/2"]
[WhiteTitle "GM"]
[BlackTitle "IM"]
[WhiteElo "2502"]
[BlackElo "2402"]
[WhiteTeam "Chongqing Sports lottery chess team"]
[BlackTeam "Jiangsu team"]
[WhiteFideId "8603642"]
[BlackFideId "8603162"]
[EventDate "2019.04.09"]

1. d4 d5 2. c4 c6 3. Nf3 Nf6 4. e3 g6 5. Nc3 Bg7 6. Bd3 O-O 7. O-O Bg4 8. h3
Bxf3 9. Qxf3 Qd6 10. b3 Nbd7 11. cxd5 Nxd5 12. Nxd5 Qxd5 13. Ba3 Qxf3 14. gxf3
Bf6 15. f4 Rfd8 16. Rac1 e6 17. Rfd1 Nb6 18. Kg2 Rd7 19. Kf3 Rad8 20. Bc5 Be7
21. Bxe7 Rxe7 22. b4 a6 23. Rc5 Kg7 24. Ra1 Nd7 25. Rc3 f6 26. Bc2 Nb6 27. Rd1
Red7 28. Ke2 Rd5 29. Bb3 Rb5 30. Bxe6 Rxb4 31. Rb3 Rxb3 32. Bxb3 f5 33. Rb1 Nc8
34. Rc1 Nb6 35. Kd3 Rd7 36. Rc5 Nd5 37. a3 Kf6 38. h4 Ke7 39. Rc1 Kd6 40. h5
gxh5 41. Rg1 Nf6 42. Rg5 Ne4 43. Rxf5 Nxf2+ 44. Ke2 Ne4 45. Re5 Re7 46. Bc2 Nc3+
47. Kf3 Rxe5 48. dxe5+ Ke7 49. f5 a5 50. f6+ Kf7 51. Kf4 Nd5+ 52. Kg5 h4 53. e4
h6+ 54. Kxh4 Nxf6 55. exf6 Kxf6 56. Kh5 b5 57. Kxh6 c5 58. Kh5 Ke5 59. Kg4 a4
60. Kf3 Kd4 61. Kf4 b4 62. e5 b3 63. Bf5 c4 64. e6 c3 65. e7 c2 66. e8=Q c1=Q+
67. Kg4 Qg1+ 68. Kh5 Qh2+ 69. Kg6 Qd6+ 70. Kh7 Qc7+ 71. Kg8 Qg3+ 72. Bg6 Kc3 73.
Kg7 Qc7+ 74. Kh8 Qf4 75. Be4 Kd4 1/2-1/2

[Event "TCh-CHN 2019"]
[Site "China CHN"]
[Date "2019.08.23"]
[Round "15.5"]
[Board "5"]
[White "Lei, Tingjie"]
[Black "Guo, Qi"]
[Result "1/2-1/2"]
[WhiteTitle "GM"]
[BlackTitle "IM"]
[WhiteElo "2483"]
[BlackElo "2406"]
[WhiteTeam "Chongqing Sports lottery chess team"]
[BlackTeam "Jiangsu team"]
[WhiteFideId "8605114"]
[BlackFideId "8604002"]
[EventDate "2019.04.09"]

1. e4 c6 2. d4 d5 3. e5 Bf5 4. Nf3 e6 5. Be2 Ne7 6. O-O c5 7. c4 Nbc6 8. Nc3
dxc4 9. Bg5 a6 10. dxc5 Qxd1 11. Bxd1 Nd5 12. Na4 h6 13. Bd2 Bd3 14. Re1 Rc8 15.
Rc1 Nb8 16. b4 a5 17. bxa5 Bxc5 18. Nb2 O-O 19. Nxd3 cxd3 20. Rb1 Rc7 21. Bb3
Ne7 22. Rec1 Na6 23. Kf1 Rfc8 24. Rc3 Bb4 25. Rxd3 Bxd2 26. Rxd2 Nc6 27. Bc4
Nxa5 28. Bxa6 bxa6 29. Ke2 Rc5 30. Kf1 g5 31. h3 Nc6 32. Re2 Rd8 33. g3 Rd3 34.
Rb3 Rxb3 35. axb3 Kg7 36. Re3 Kg6 37. g4 Kg7 1/2-1/2

[Event "TCh-CHN 2019"]
[Site "China CHN"]
[Date "2019.08.23"]
[Round "15.6"]
[Board "1"]
[White "Cheparinov, Ivan"]
[Black "Nie, Xinyang"]
[Result "1/2-1/2"]
[WhiteTitle "GM"]
[WhiteElo "2687"]
[BlackElo "2348"]
[WhiteTeam "Guangdong Shenzhen Longgang Chess team"]
[BlackTeam "Chongqing Jiulongpo Yucai Chess team"]
[WhiteFideId "2905540"]
[BlackFideId "8607222"]
[EventDate "2019.04.09"]

1. d4 d5 2. Nf3 e6 3. c4 a6 4. cxd5 exd5 5. Nc3 Nf6 6. Bg5 Be6 7. e3 Nbd7 8. Bd3
Bd6 9. O-O O-O 10. Qc2 h6 11. Bf4 Qe7 12. h3 Rac8 13. Rac1 c5 14. Bxd6 Qxd6 15.
dxc5 Nxc5 16. Rfd1 Qb6 17. Nd4 Nce4 18. Qb3 Qxb3 19. axb3 Nxc3 20. bxc3 Rc7 21.
Rc2 Rfc8 22. Rdc1 Bd7 23. f3 Ne8 24. Kf2 Nd6 25. Ke2 Rc5 26. Kd2 Kf8 27. Ra1 Ke7
28. h4 h5 29. Rcc1 a5 30. Rc2 g6 31. Raa2 R8c7 32. Ra3 Bf5 33. Bxf5 Nxf5 34.
Nxf5+ gxf5 35. Ra4 Ke6 36. b4 axb4 37. Rxb4 b5 38. Kd3 Ra7 39. Rcb2 Ra5 40. R2b3
f6 41. Rb2 Ra3 42. R2b3 Ra5 43. g3 Kd6 44. Rf4 Ke6 45. Rfb4 Kd6 46. Rf4 Ke6 1/2-1/2

[Event "TCh-CHN 2019"]
[Site "China CHN"]
[Date "2019.08.23"]
[Round "15.6"]
[Board "2"]
[White "Xu, Yinglun"]
[Black "Peng, Xiongjian"]
[Result "1/2-1/2"]
[WhiteTitle "GM"]
[WhiteElo "2555"]
[BlackElo "2489"]
[WhiteTeam "Guangdong Shenzhen Longgang Chess team"]
[BlackTeam "Chongqing Jiulongpo Yucai Chess team"]
[WhiteFideId "8604940"]
[BlackFideId "8610550"]
[EventDate "2019.04.09"]

1. d4 Nf6 2. c4 e6 3. Nf3 b6 4. g3 Bb7 5. Bg2 Be7 6. O-O O-O 7. Re1 d5 8. cxd5
exd5 9. Nc3 Re8 10. Bf4 Bd6 11. Be5 Ne4 12. Qb3 Nxc3 13. Qxc3 Nc6 14. Bxd6 Qxd6
15. Rac1 Re7 16. a3 Rae8 17. e3 g6 18. b4 a6 19. Qb3 Kg7 20. Rc3 f6 21. Rec1 Nd8
22. a4 Nf7 23. b5 axb5 24. axb5 Ra8 25. Qc2 Bc8 26. Nd2 Ra7 27. Rc6 Qd8 28. Qb3
Bd7 29. R6c2 Be6 30. Nb1 Bf5 31. Ra2 Rxa2 32. Qxa2 Bd3 33. Qxd5 Qxd5 34. Bxd5
Bxb5 35. Nc3 Nd6 36. h4 Bd3 37. Bc6 Bc4 38. Ra1 h6 39. Kg2 f5 40. Bd5 Bd3 41.
Ra7 Nb5 42. Nxb5 Bxb5 43. f3 Kf8 44. Ra3 Be8 45. Rc3 Kg7 1/2-1/2